000
00268nam a2200109Ia 4500
008
220216s9999 xx 000 0 und d
245
0
_a
General principles of experimentation
260
_b
Planters Bulletin
_c
1976
300
_a
102-105
650
_a
Rubber
942
_c
JS
999
_c
59763
_d
59763